| 000 | 01399nam0a2200337 4500 | ||
|---|---|---|---|
| 001 | RU\NLR\bibl\33246 | ||
| 005 | 20260405225339.0 | ||
| 010 |
_a5-89382-050-9 _910000 |
||
| 021 |
_aRU _b98-36651 _91751 |
||
| 035 | _a(NLR Aleph) 000032406 | ||
| 090 |
_a163351 _c163351 |
||
| 100 | _a19990616d1998 |||y0rusy50 ca | ||
| 101 | 0 | _arus | |
| 102 | _aRU | ||
| 105 | _aa ||||||||| | ||
| 200 | 1 |
_aФизика вокруг нас _eКачественные задачи по физике _fА.В. Аганов, Р.К. Сафиуллин, А.И. Скворцов, Д.А. Таюрский |
|
| 205 | _a3-е изд., испр. | ||
| 210 |
_aМ. _cДом педагогики _d1998 |
||
| 215 |
_a332 с. _cил. _d22 |
||
| 606 | 0 |
_aФизика _jЗадачники _9898198 _3RU\NLR\auth\665898 |
|
| 686 | _aВ3я721-4 | ||
| 701 | 1 |
_4070 _7ca _8rus _aАганов _bА. В. _f1941- _gАльберт Вартанович _9239105 _3RU\NLR\AUTH\770239161 |
|
| 701 | 1 |
_4070 _8rus _7ca _aСафиуллин _bР. К. _f1949- _gРафаиль Каримович _3RU\NLR\auth\77103393 _986319 |
|
| 701 | 1 |
_aСкворцов _bА. И. _gАндрей Иванович _4070 |
|
| 701 | 1 |
_aТаюрский _bД. А. _gДмитрий Альбертович _4070 |
|
| 801 | 0 |
_aRU _bNLR _c19990616 _gPSBO |
|
| 801 | 1 |
_aRU _bNLR _c19990616 |
|
| 852 |
_aNLR _j99-5/1382 |
||
| 942 | _cBOOK | ||
| 980 | _aNB | ||